Contracts in use survey (Record no. 72531)
[ view plain ]
| 000 -LEADER | |
|---|---|
| fixed length control field | 01128cam a2200193 4500 |
| 001 - CONTROL NUMBER | |
| control field | WB3915-21 |
| 008 - FIXED-LENGTH DATA ELEMENTS--GENERAL INFORMATION | |
| fixed length control field | 030423n2003 000 0 eng u |
| 035 ## - SYSTEM CONTROL NUMBER | |
| System control number | (Sirsi) u122067 |
| 245 ## - TITLE STATEMENT | |
| Title | Contracts in use survey |
| 260 ## - PUBLICATION, DISTRIBUTION, ETC. | |
| Date of publication, distribution, etc. | 2003 |
| 490 ## - SERIES STATEMENT | |
| Series statement | RICS Press Release |
| Volume/sequential designation | 17 April 2003 (1) |
| 520 ## - SUMMARY, ETC. | |
| Summary, etc. | The latest RICS Construction faculty "Contracts in use" survey for 2001 has been produced by Davis, Langdon and Everest. It sampled private practices and public authorities listed as employing chartered quantity surveyors. The JCT suite of contracts is shown to be used in 91% of all contracts. Copies of the survey are available from t +44 (0)20 7334 3733 or [email protected] or downloadable from http://www.rics.org/downloads/contracts_in_use.pdf http://www.rics.org/ricscms/bin/show?class=PressRelease&template=/includes/showpr.html&id=900 |
| 590 ## - LOCAL NOTE (RLIN) | |
| Local note | WB |
| 650 ## - SUBJECT ADDED ENTRY--TOPICAL TERM | |
| Topical term or geographic name entry element | BUILT ENVIRONMENT-BUILDING CONTRACT FORMS-STANDARD FORMS OF BUILDING CONTRACT-JOINT CONTRACTS TRIBNUAL CONTRACTS |
| 650 ## - SUBJECT ADDED ENTRY--TOPICAL TERM | |
| Topical term or geographic name entry element | SURVEYS |
| 650 ## - SUBJECT ADDED ENTRY--TOPICAL TERM | |
| Topical term or geographic name entry element | BUILT ENVIRONMENT-BUILDING CONTRACT FORMS |
| 690 ## - LOCAL SUBJECT ADDED ENTRY--TOPICAL TERM (OCLC, RLIN) | |
| Topical term or geographic name as entry element | Quantity surveying |
| 9 (RLIN) | 6263 |
| 942 ## - ADDED ENTRY ELEMENTS (KOHA) | |
| Suppress in OPAC | 0 |
| Withdrawn status | Lost status | Source of classification or shelving scheme | Damaged status | Not for loan | Home library | Current library | Shelving location | Date acquired | Total Checkouts | Full call number | Barcode | Date last seen | Copy number | Price effective from | Koha item type |
|---|---|---|---|---|---|---|---|---|---|---|---|---|---|---|---|
| Dewey Decimal Classification | London | London | News article | 23/04/2003 | WB3915-21 | 122067-1001 | 06/08/2019 | 1 | 06/08/2019 | News article |